[Event "Skopje op-B"]
[Site "Skopje"]
[Date "2023.12.09"]
[Round "5"]
[White "Jakimov, Dragi"]
[Black "Rousseau, Christilla"]
[Result "0-1"]
[WhiteElo "1140"]
[BlackElo "1664"]
[PlyCount "106"]
[EventDate "2023.12.06"]
[EventType "swiss"]
[EventRounds "9"]
[EventCountry "MKD"]
[SourceTitle "CB51_2023"]
[SourceDate "2023.12.20"]
[SourceVersion "1"]
[SourceVersionDate "2023.12.20"]
[SourceQuality "1"]

1. e4 c6 2. d4 d5 3. e5 Bf5 4. h4 h5 5. Bg5 Qb6 6. Bd3 Bxd3 7. Qxd3 e6 8. Nd2 Ne7 9. Ngf3 Nf5 10. 0-0 c5 11. c4 Nxd4 12. Nxd4 cxd4 13. Nb3 dxc4 14. Qxc4 Nc6 15. Rfe1 Be7 16. Rad1 Bxg5 17. hxg5 Rd8 18. Re4 Rd5 19. Rd2 0-0 20. Rh4 Nxe5 21. Qe2 g6 22. Rdxd4 Rfd8 23. Rb4 Rd1+ 24. Kh2 Qc7 25. g3 Ng4+ 26. Rhxg4 hxg4 27. Qxg4 Qc6 28. Qe4 Qxe4 29. Rxe4 Rc8 30. Re2 Rd5 31. f4 a5 32. Na1 Rcd8 33. Kh3 Rd2 34. Re5 R8d5 35. Nb3 Rxb2 36. Nxa5 Rxe5 37. fxe5 Rb5 38. Nc4 Rc5 39. Nd6 b5 40. Ne4 Rxe5 41. Nf6+ Kh8 42. Kh4 Re2 43. a3 Re3 44. Nd7 Rxa3 45. Ne5 Kg7 46. Nc6 Ra4+ 47. Kh3 b4 48. Nd4 Ra3 49. Nc2 Rb3 50. Kg4 Rb2 51. Nd4 b3 52. Kf4 Rb1 53. Nxb3 Rxb3 0-1

[Event "Wch U20 Girls 37th"]
[Site "New Delhi"]
[Date "2019.10.24"]
[Round "10"]
[White "Rousseau, Christilla"]
[Black "Levitan, Ronit"]
[Result "0-1"]
[WhiteElo "1648"]
[BlackElo "1893"]
[PlyCount "76"]
[EventDate "2019.10.15"]
[EventType "swiss"]
[EventRounds "11"]
[EventCountry "IND"]
[SourceTitle "CBM 192 Extra"]
[Source "Chessbase"]
[SourceDate "2019.11.06"]
[SourceVersion "1"]
[SourceVersionDate "2019.11.06"]
[SourceQuality "1"]

1. d4 d5 2. Bf4 Nf6 3. e3 e6 4. c3 c5 5. Nd2 Bd6 6. Bg3 Qc7 7. Ngf3 Nbd7 8. Bd3 0-0 9. Bxd6 Qxd6 10. 0-0 e5 11. dxe5 Nxe5 12. Nxe5 Qxe5 13. Nf3 Qc7 14. h3 b6 15. Qc2 Bb7 16. Nd2 Rfe8 17. Rfe1 h6 18. Rad1 Qc6 19. Bf1 Rad8 20. Nf3 Ne4 21. Qb3 Qf6 22. Qa4 Bc8 23. Be2 a6 24. Rf1 b5 25. Qc2 Bb7 26. a4 Bc6 27. axb5 axb5 28. Ra1 Rb8 29. Ra7 b4 30. c4 dxc4 31. Bxc4 Nd6 32. Be2 b3 33. Qc1 c4 34. Nd4 Nb5 35. Nxc6 Qxc6 36. Ra1 Rec8 37. Ra4 Nd4 38. Qxc4 Nxe2+ 0-1

[Event "Wch U20 Girls 36th"]
[Site "Manavgat"]
[Date "2018.09.13"]
[Round "9"]
[White "Anandpara, Jayendra Saloni"]
[Black "Rousseau, Christilla"]
[Result "0-1"]
[WhiteElo "1326"]
[BlackElo "1677"]
[PlyCount "99"]
[EventDate "2018.09.05"]
[EventType "swiss"]
[EventRounds "11"]
[EventCountry "TUR"]
[SourceTitle "CBM 186 Extra"]
[Source "ChessBase"]
[SourceDate "2018.08.24"]
[SourceVersion "1"]
[SourceVersionDate "2018.08.24"]
[SourceQuality "1"]

1. d4 d5 2. Bf4 Nf6 3. e3 e6 4. c4 c5 5. Nc3 a6 6. Nf3 Nc6 7. Bg5 Be7 8. dxc5 Bxc5 9. cxd5 exd5 10. Nxd5 Qxd5 11. Bxf6 Qxd1+ 12. Rxd1 gxf6 13. a3 Be6 14. Be2 0-0 15. 0-0 Rad8 16. b4 Be7 17. Rc1 Rd6 18. h3 Rfd8 19. b5 axb5 20. Bxb5 Rc8 21. a4 Rdd8 22. Rb1 Ne5 23. Nd4 Bd7 24. f4 Ng6 25. Rfc1 Bxb5 26. Rxc8 Rxc8 27. Rxb5 Rc1+ 28. Kf2 Bc5 29. Rxb7 Bxd4 30. exd4 Rc4 31. f5 Nf8 32. a5 Rxd4 33. g4 Ra4 34. Rb6 Rxa5 35. Rxf6 Nd7 36. Rd6 Ne5 37. f6 h6 38. Kg3 Kh7 39. h4 Ra3+ 40. Kf4 Ng6+ 41. Kf5 Nxh4+ 42. Kf4 Ng6+ 43. Ke4 Ra4+ 44. Rd4 Rxd4+ 45. Kxd4 Nf8 46. Ke5 Kg6 47. Kf4 Kxf6 48. Kg3 Kg5 49. Kf3 Ng6 50. Kg3 0-1

[Event "Wch U20 Girls 36th"]
[Site "Manavgat"]
[Date "2018.09.05"]
[Round "1"]
[White "Bai, Xue"]
[Black "Rousseau, Christilla"]
[Result "1-0"]
[WhiteElo "2073"]
[BlackElo "1677"]
[PlyCount "51"]
[EventDate "2018.09.05"]
[EventType "swiss"]
[EventRounds "11"]
[EventCountry "TUR"]
[SourceTitle "CBM 186 Extra"]
[Source "ChessBase"]
[SourceDate "2018.08.24"]
[SourceVersion "1"]
[SourceVersionDate "2018.08.24"]
[SourceQuality "1"]

1. e4 e6 2. d4 d5 3. Nc3 Nf6 4. Bg5 Be7 5. e5 Nfd7 6. Bxe7 Qxe7 7. f4 a6 8. Qg4 f5 9. exf6 Nxf6 10. Qg5 Nc6 11. Nf3 Bd7 12. Bd3 0-0-0 13. 0-0-0 h6 14. Qg6 Be8 15. Qg3 Bh5 16. Bg6 Bxg6 17. Qxg6 Kb8 18. Rhe1 Rdf8 19. f5 Ne4 20. Nxe4 dxe4 21. Rxe4 Rf6 22. Qg3 Rxf5 23. Rde1 Qd7 24. Rxe6 Nxd4 25. Re7 Qa4 26. Qxc7+ 1-0

[Event "BEL-ch op"]
[Site "Niel"]
[Date "2017.07.03"]
[Round "3"]
[White "Rousseau, Christilla"]
[Black "Cotman, Dirk"]
[Result "1/2-1/2"]
[WhiteElo "1579"]
[BlackElo "1381"]
[PlyCount "58"]
[EventDate "2017.07.01"]
[EventType "swiss"]
[EventRounds "9"]
[EventCountry "BEL"]
[SourceTitle "EXT 2018"]
[Source "ChessBase"]
[SourceDate "2017.10.13"]
[SourceVersion "1"]
[SourceVersionDate "2017.10.13"]
[SourceQuality "1"]

1. d4 g6 2. Bf4 Bg7 3. e3 c5 4. c3 cxd4 5. cxd4 Nf6 6. h3 Nc6 7. Nf3 d6 8. Nc3 a6 9. Be2 Bf5 10. Nh4 Bd7 11. Bh2 d5 12. Nf3 b5 13. 0-0 0-0 14. a3 Rc8 15. Rc1 Re8 16. Ne5 e6 17. Na2 Ne4 18. Nxc6 Bxc6 19. Nb4 Qb6 20. f3 Nf6 21. Nd3 Red8 22. Nc5 Bh6 23. Kf2 Nd7 24. Bd6 Bf8 25. Bxf8 Rxf8 26. Qb3 Nxc5 27. Rxc5 Bd7 28. Rfc1 Rc6 29. a4 Rb8 1/2-1/2

[Event "BEL-ch op"]
[Site "Niel"]
[Date "2017.07.02"]
[Round "2"]
[White "Bosschaerts, Patrick"]
[Black "Rousseau, Christilla"]
[Result "1-0"]
[WhiteElo "1824"]
[BlackElo "1579"]
[PlyCount "33"]
[EventDate "2017.07.01"]
[EventType "swiss"]
[EventRounds "9"]
[EventCountry "BEL"]
[SourceTitle "EXT 2018"]
[Source "ChessBase"]
[SourceDate "2017.10.13"]
[SourceVersion "1"]
[SourceVersionDate "2017.10.13"]
[SourceQuality "1"]

1. e4 d6 2. d4 Nd7 3. Nf3 g6 4. Bc4 Bg7 5. Bxf7+ Kf8 6. Ng5 Ndf6 7. Nc3 h6 8. Ne6+ Bxe6 9. Bxe6 c6 10. 0-0 Qa5 11. Be3 Qh5 12. f4 Qxd1 13. Raxd1 Ke8 14. e5 Nd7 15. Ne4 d5 16. Bxd7+ Kxd7 17. Nc5+ 1-0